<?xml version="1.0" encoding="UTF-8"?>
<record
    xmlns:xsi="http://www.w3.org/2001/XMLSchema-instance"
    xsi:schemaLocation="http://www.loc.gov/MARC21/slim http://www.loc.gov/standards/marcxml/schema/MARC21slim.xsd"
    xmlns="http://www.loc.gov/MARC21/slim">

  <leader>02388nas a22003975i 4500</leader>
  <controlfield tag="001">1573-3890</controlfield>
  <controlfield tag="003">DE-He213</controlfield>
  <controlfield tag="005">20260304140633.0</controlfield>
  <controlfield tag="007">cr nn 008mamaa</controlfield>
  <controlfield tag="008">150723s||||||||xxuuu poo||||||   b|EN |d</controlfield>
  <datafield tag="022" ind1=" " ind2=" ">
    <subfield code="a">1573-3890</subfield>
  </datafield>
  <datafield tag="024" ind1="7" ind2=" ">
    <subfield code="a">10.1007/11306.1573-3890</subfield>
    <subfield code="2">doi</subfield>
  </datafield>
  <datafield tag="210" ind1="1" ind2="0">
    <subfield code="a">Metabolomics</subfield>
  </datafield>
  <datafield tag="245" ind1="1" ind2="0">
    <subfield code="a">Metabolomics</subfield>
    <subfield code="h">[electronic resource] /</subfield>
    <subfield code="c">edited by Sastia Prama Putri, Mar&#xED;a Eugenia Monge, Royston Goodacre, Roan Louw, Warwick Dunn.</subfield>
  </datafield>
  <datafield tag="264" ind1=" " ind2="1">
    <subfield code="a">New York :</subfield>
    <subfield code="b">Springer US :</subfield>
    <subfield code="b">Imprint: Springer.</subfield>
  </datafield>
  <datafield tag="300" ind1=" " ind2=" ">
    <subfield code="b">online resource.</subfield>
  </datafield>
  <datafield tag="520" ind1=" " ind2=" ">
    <subfield code="a">Metabolomics publishes current research regarding the development of technology platforms for metabolomics. This includes, but is not limited to: metabolomic applications within man, including pre-clinical and clinical pharmacometabolomics for precision medicine metabolic profiling and fingerprinting metabolite target analysis metabolomic applications within animals, plants and microbes transcriptomics and proteomics in systems biology Metabolomics is an indispensable platform for researchers using new post-genomics approaches, to discover networks and interactions between metabolites, pharmaceuticals, SNPs, proteins and more. Its articles go beyond the genome and metabolome, by including original clinical study material together with big data from new emerging technologies. .</subfield>
  </datafield>
  <datafield tag="650" ind1=" " ind2="0">
    <subfield code="a">Biochemistry.</subfield>
  </datafield>
  <datafield tag="650" ind1=" " ind2="0">
    <subfield code="a">Medicine&#x2014;Research.</subfield>
  </datafield>
  <datafield tag="650" ind1=" " ind2="0">
    <subfield code="a">Biology&#x2014;Research.</subfield>
  </datafield>
  <datafield tag="650" ind1=" " ind2="0">
    <subfield code="a">Cytology.</subfield>
  </datafield>
  <datafield tag="650" ind1=" " ind2="0">
    <subfield code="a">Developmental biology.</subfield>
    <subfield code="9">1255</subfield>
  </datafield>
  <datafield tag="650" ind1="1" ind2="4">
    <subfield code="a">Chemical Biology.</subfield>
  </datafield>
  <datafield tag="650" ind1="2" ind2="4">
    <subfield code="a">Biomedical Research.</subfield>
  </datafield>
  <datafield tag="650" ind1="2" ind2="4">
    <subfield code="a">Cell Biology.</subfield>
  </datafield>
  <datafield tag="650" ind1="2" ind2="4">
    <subfield code="a">Developmental Biology and Stem Cells.</subfield>
    <subfield code="9">1259</subfield>
  </datafield>
  <datafield tag="700" ind1="1" ind2=" ">
    <subfield code="a">Putri, Sastia Prama.</subfield>
    <subfield code="e">editor.</subfield>
    <subfield code="4">edt</subfield>
    <subfield code="4">http://id.loc.gov/vocabulary/relators/edt</subfield>
    <subfield code="9">24086</subfield>
  </datafield>
  <datafield tag="700" ind1="1" ind2=" ">
    <subfield code="a">Monge, Mar&#xED;a Eugenia.</subfield>
    <subfield code="e">editor.</subfield>
    <subfield code="4">edt</subfield>
    <subfield code="4">http://id.loc.gov/vocabulary/relators/edt</subfield>
    <subfield code="9">24087</subfield>
  </datafield>
  <datafield tag="700" ind1="1" ind2=" ">
    <subfield code="a">Goodacre, Royston.</subfield>
    <subfield code="e">editor.</subfield>
    <subfield code="4">edt</subfield>
    <subfield code="4">http://id.loc.gov/vocabulary/relators/edt</subfield>
    <subfield code="9">24088</subfield>
  </datafield>
  <datafield tag="700" ind1="1" ind2=" ">
    <subfield code="a">Louw, Roan.</subfield>
    <subfield code="e">editor.</subfield>
    <subfield code="4">edt</subfield>
    <subfield code="4">http://id.loc.gov/vocabulary/relators/edt</subfield>
    <subfield code="9">24089</subfield>
  </datafield>
  <datafield tag="700" ind1="1" ind2=" ">
    <subfield code="a">Dunn, Warwick.</subfield>
    <subfield code="e">editor.</subfield>
    <subfield code="4">edt</subfield>
    <subfield code="4">http://id.loc.gov/vocabulary/relators/edt</subfield>
    <subfield code="9">24090</subfield>
  </datafield>
  <datafield tag="710" ind1="2" ind2=" ">
    <subfield code="a">SpringerLink (Online service)</subfield>
  </datafield>
  <datafield tag="776" ind1="0" ind2="8">
    <subfield code="i">Printed version: </subfield>
    <subfield code="x">1573-3882</subfield>
  </datafield>
  <datafield tag="856" ind1="4" ind2="0">
    <subfield code="u">https://doi.org/10.1007/11306.1573-3890</subfield>
    <subfield code="z">Open Access</subfield>
  </datafield>
  <datafield tag="999" ind1=" " ind2=" ">
    <subfield code="c">455002</subfield>
    <subfield code="d">455002</subfield>
  </datafield>
</record>
